<?xml version="1.0" encoding="UTF-8"?>
<marc:record xmlns:marc="http://www.loc.gov/MARC21/slim" type="Bibliographic">
   <marc:leader>00000pam a2200000 c 4500</marc:leader>
   <marc:controlfield tag="001">943165865</marc:controlfield>
   <marc:controlfield tag="003">DE-101</marc:controlfield>
   <marc:controlfield tag="005">20171202211024.0</marc:controlfield>
   <marc:controlfield tag="007">tu</marc:controlfield>
   <marc:controlfield tag="008">941229s1995    gw ||||| |||| 00||||ger  </marc:controlfield>
   <marc:datafield ind1=" " ind2=" " tag="015">
      <marc:subfield code="a">95,A28,0568</marc:subfield>
      <marc:subfield code="z">95,N04,0421</marc:subfield>
      <marc:subfield code="2">dnb</marc:subfield>
   </marc:datafield>
   <marc:datafield ind1="7" ind2=" " tag="016">
      <marc:subfield code="2">DE-101</marc:subfield>
      <marc:subfield code="a">943165865</marc:subfield>
   </marc:datafield>
   <marc:datafield ind1=" " ind2=" " tag="020">
      <marc:subfield code="a">9783801230654</marc:subfield>
      <marc:subfield code="c">kart. : DM 24.80, sfr 25.80, S 194.00</marc:subfield>
      <marc:subfield code="9">978-3-8012-3065-4</marc:subfield>
   </marc:datafield>
   <marc:datafield ind1=" " ind2=" " tag="020">
      <marc:subfield code="a">3801230651</marc:subfield>
      <marc:subfield code="c">kart. : DM 24.80, sfr 25.80, S 194.00</marc:subfield>
      <marc:subfield code="9">3-8012-3065-1</marc:subfield>
   </marc:datafield>
   <marc:datafield ind1=" " ind2=" " tag="035">
      <marc:subfield code="a">(DE-599)DNB943165865</marc:subfield>
   </marc:datafield>
   <marc:datafield ind1=" " ind2=" " tag="035">
      <marc:subfield code="a">(OCoLC)64519745</marc:subfield>
   </marc:datafield>
   <marc:datafield ind1=" " ind2=" " tag="040">
      <marc:subfield code="a">1240</marc:subfield>
      <marc:subfield code="b">ger</marc:subfield>
      <marc:subfield code="c">DE-101</marc:subfield>
      <marc:subfield code="d">9999</marc:subfield>
   </marc:datafield>
   <marc:datafield ind1=" " ind2=" " tag="041">
      <marc:subfield code="a">ger</marc:subfield>
   </marc:datafield>
   <marc:datafield ind1=" " ind2=" " tag="043">
      <marc:subfield code="c">XP</marc:subfield>
   </marc:datafield>
   <marc:datafield ind1=" " ind2=" " tag="044">
      <marc:subfield code="c">XA-DE</marc:subfield>
   </marc:datafield>
   <marc:datafield ind1=" " ind2=" " tag="084">
      <marc:subfield code="a">16</marc:subfield>
      <marc:subfield code="a">33</marc:subfield>
      <marc:subfield code="a">21</marc:subfield>
      <marc:subfield code="a">320</marc:subfield>
      <marc:subfield code="q">DE-101</marc:subfield>
      <marc:subfield code="2">sdnb</marc:subfield>
   </marc:datafield>
   <marc:datafield ind1=" " ind2=" " tag="084">
      <marc:subfield code="a">8.2a</marc:subfield>
      <marc:subfield code="a">8.3</marc:subfield>
      <marc:subfield code="a">8.4</marc:subfield>
      <marc:subfield code="q">DE-101</marc:subfield>
      <marc:subfield code="2">sswd</marc:subfield>
   </marc:datafield>
   <marc:datafield ind1="0" ind2="0" tag="245">
      <marc:subfield code="a">Völker in Not</marc:subfield>
      <marc:subfield code="b">mit einem humanitären Atlas ; [ein Report der privaten internationalen Hilfsorganisation "Médecins sans Frontières/Ärzte ohne Grenzen ; erscheint zeitgleich in deutscher, englischer und französischer Sprache zum "Tag der Völker in Not" am 25. Januar 1995]</marc:subfield>
      <marc:subfield code="c">Ärzte ohne Grenzen. [Hrsg. von François Jean. Aus dem Franz. übers. von: Ingrid Axmann ... Mitarb. an der dt.-sprachigen Ausg.: Petra Meyer. Bearb. der Kt. für die dt. Ausg.: Isolde Richter (Text) ; Ulrike Lohoff-Erlenbach (Grafik)]</marc:subfield>
   </marc:datafield>
   <marc:datafield ind1=" " ind2="1" tag="264">
      <marc:subfield code="a">Bonn</marc:subfield>
      <marc:subfield code="b">Dietz</marc:subfield>
      <marc:subfield code="c">1995</marc:subfield>
   </marc:datafield>
   <marc:datafield ind1=" " ind2=" " tag="300">
      <marc:subfield code="a">223 S.</marc:subfield>
      <marc:subfield code="b">Kt.</marc:subfield>
      <marc:subfield code="c">19 cm</marc:subfield>
   </marc:datafield>
   <marc:datafield ind1=" " ind2=" " tag="336">
      <marc:subfield code="a">Text</marc:subfield>
      <marc:subfield code="b">txt</marc:subfield>
      <marc:subfield code="2">rdacontent</marc:subfield>
   </marc:datafield>
   <marc:datafield ind1=" " ind2=" " tag="337">
      <marc:subfield code="a">ohne Hilfsmittel zu benutzen</marc:subfield>
      <marc:subfield code="b">n</marc:subfield>
      <marc:subfield code="2">rdamedia</marc:subfield>
   </marc:datafield>
   <marc:datafield ind1=" " ind2=" " tag="338">
      <marc:subfield code="a">Band</marc:subfield>
      <marc:subfield code="b">nc</marc:subfield>
      <marc:subfield code="2">rdacarrier</marc:subfield>
   </marc:datafield>
   <marc:datafield ind1="1" ind2=" " tag="490">
      <marc:subfield code="a">Dietz-Taschenbuch</marc:subfield>
      <marc:subfield code="v">65</marc:subfield>
   </marc:datafield>
   <marc:datafield ind1="2" ind2="7" tag="610">
      <marc:subfield code="0">(DE-588)333-5</marc:subfield>
      <marc:subfield code="0">http://d-nb.info/gnd/333-5</marc:subfield>
      <marc:subfield code="0">(DE-101)000003336</marc:subfield>
      <marc:subfield code="a">Vereinte Nationen</marc:subfield>
      <marc:subfield code="2">gnd</marc:subfield>
   </marc:datafield>
   <marc:datafield ind1=" " ind2="7" tag="650">
      <marc:subfield code="0">(DE-588)4046539-1</marc:subfield>
      <marc:subfield code="0">http://d-nb.info/gnd/4046539-1</marc:subfield>
      <marc:subfield code="0">(DE-101)04046539X</marc:subfield>
      <marc:subfield code="a">Politische Krise</marc:subfield>
      <marc:subfield code="2">gnd</marc:subfield>
   </marc:datafield>
   <marc:datafield ind1=" " ind2="7" tag="650">
      <marc:subfield code="0">(DE-588)4137568-3</marc:subfield>
      <marc:subfield code="0">http://d-nb.info/gnd/4137568-3</marc:subfield>
      <marc:subfield code="0">(DE-101)041375688</marc:subfield>
      <marc:subfield code="a">Bewaffneter Konflikt</marc:subfield>
      <marc:subfield code="2">gnd</marc:subfield>
   </marc:datafield>
   <marc:datafield ind1="0" ind2="0" tag="689">
      <marc:subfield code="0">(DE-588)333-5</marc:subfield>
      <marc:subfield code="0">http://d-nb.info/gnd/333-5</marc:subfield>
      <marc:subfield code="0">(DE-101)000003336</marc:subfield>
      <marc:subfield code="D">b</marc:subfield>
      <marc:subfield code="a">Vereinte Nationen</marc:subfield>
   </marc:datafield>
   <marc:datafield ind1="0" ind2="1" tag="689">
      <marc:subfield code="0">(DE-588)4046539-1</marc:subfield>
      <marc:subfield code="0">http://d-nb.info/gnd/4046539-1</marc:subfield>
      <marc:subfield code="0">(DE-101)04046539X</marc:subfield>
      <marc:subfield code="D">s</marc:subfield>
      <marc:subfield code="a">Politische Krise</marc:subfield>
   </marc:datafield>
   <marc:datafield ind1="0" ind2="2" tag="689">
      <marc:subfield code="0">(DE-588)4137568-3</marc:subfield>
      <marc:subfield code="0">http://d-nb.info/gnd/4137568-3</marc:subfield>
      <marc:subfield code="0">(DE-101)041375688</marc:subfield>
      <marc:subfield code="D">s</marc:subfield>
      <marc:subfield code="a">Bewaffneter Konflikt</marc:subfield>
   </marc:datafield>
   <marc:datafield ind1="0" ind2=" " tag="689">
      <marc:subfield code="5">DE-101</marc:subfield>
      <marc:subfield code="5">DE-101</marc:subfield>
   </marc:datafield>
   <marc:datafield ind1="1" ind2=" " tag="700">
      <marc:subfield code="0">(DE-588)113588518</marc:subfield>
      <marc:subfield code="0">http://d-nb.info/gnd/113588518</marc:subfield>
      <marc:subfield code="0">(DE-101)113588518</marc:subfield>
      <marc:subfield code="a">Jean, François</marc:subfield>
      <marc:subfield code="e">Herausgeber</marc:subfield>
      <marc:subfield code="4">edt</marc:subfield>
   </marc:datafield>
   <marc:datafield ind1="2" ind2=" " tag="710">
      <marc:subfield code="0">(DE-588)5036803-5</marc:subfield>
      <marc:subfield code="0">http://d-nb.info/gnd/5036803-5</marc:subfield>
      <marc:subfield code="0">(DE-101)050368036</marc:subfield>
      <marc:subfield code="a">Médecins sans frontières</marc:subfield>
      <marc:subfield code="e">Herausgebendes Organ</marc:subfield>
      <marc:subfield code="4">isb</marc:subfield>
   </marc:datafield>
   <marc:datafield ind1=" " ind2="0" tag="830">
      <marc:subfield code="a">Dietz-Taschenbuch</marc:subfield>
      <marc:subfield code="v">65</marc:subfield>
      <marc:subfield code="w">(DE-101)015597466</marc:subfield>
      <marc:subfield code="w">(DE-600)1027179-x</marc:subfield>
      <marc:subfield code="9">265</marc:subfield>
      <marc:subfield code="7">as</marc:subfield>
   </marc:datafield>
   <marc:datafield ind1=" " ind2=" " tag="850">
      <marc:subfield code="a">DE-101a</marc:subfield>
      <marc:subfield code="a">DE-101b</marc:subfield>
   </marc:datafield>
   <marc:datafield ind1="r" ind2=" " tag="925">
      <marc:subfield code="a">ra</marc:subfield>
   </marc:datafield>
</marc:record>
